000 00697cam a2200241 a 4500
001 000010048
005 20200929161822.0
008 900918s1982 sp 000 p spa
020 _a8475221556
035 _a(DLC) 90873217
040 _aDO-SdBNP
_cDLC
_dDLC
_dBNPHU
082 _a861.64
_bS582p
100 1 _aSiles, Jaime,
_d1951-
_917317
245 1 0 _aPoesía, 1969-1980 /
_cJaime Siles.
260 _aMadrid :
_bVisor,
_c1982.
300 _a135 p. ;
_c20 cm.
490 1 _aVisor de poesía
_v155
650 4 _aPoesía española
_9631
650 4 _aLiteratura espanola
_ySIGLO XX
_93326
830 0 _aVisor de poesía ;
_v155
_913366
910 _aCatalogación por copia / LC
049 _aBNGR
999 _c9807
_d9807